| 000 | 00868nas a2200289 4500 | ||
|---|---|---|---|
| 001 | BR0200289 | ||
| 003 | BR-BrBNA | ||
| 005 | 20231205102705.0 | ||
| 007 | ta | ||
| 008 | 230509b bl.|||p| |||| 00| 00por d | ||
| 040 |
_aBR-BrBNA _bpor _cBiblioteca Nacional de Agricultura |
||
| 041 | _a(Pt) | ||
| 072 | _aL40 | ||
| 100 | 1 | _aMori, E. | |
| 100 | 1 | _aMori, C.M.C. | |
| 100 | 1 | _aFernandes, W.R. | |
| 245 | 1 | _aAvaliação da função de macrófagos alveolares em cavalos clinicamente sadios | |
| 650 | _aCAVALO | ||
| 650 | _aCITOLOGIA | ||
| 650 | _aQUIMIOTAXIA | ||
| 650 | _aAPARELHO RESPIRATÓRIO | ||
| 650 | _aELISA | ||
| 650 | _aVETERINÁRIA | ||
| 773 | 0 |
_tArquivo Brasileiro de Medicina Veterinária e Zootecnia (Brazil) _xISSN 0102-0935 _g(Apr 2001), v. 53(2) p. 172-178 _wBR0200289 |
|
| 909 |
_a202311 _bLúcia _c55 _dLúcia Elande |
||
| 942 |
_2AGRIS _n0 _cANA |
||
| 999 |
_c168841 _d168841 |
||